[Event "SA-2013-0-00369"]
[Site "LSS email"]
[Date "2013.10.09"]
[Round "?"]
[White "Mondino, Victor Nilo"]
[Black "Savic, Milan"]
[Result "1-0"]
[WhiteElo "2113"]
[BlackElo "2116"]
[PlyCount "201"]
[EventDate "2013.08.31"]
[EventType "tourn (corr)"]
[EventRounds "6"]
[EventCountry "GER"]
[SourceTitle "Corr 2015"]
[Source "ChessBase"]
[SourceDate "2015.07.17"]
[SourceVersion "1"]
[SourceVersionDate "2015.07.17"]
[SourceQuality "1"]

1. d4 Nf6 2. Bf4 c5 3. e3 Qb6 4. Nc3 d6 5. a3 cxd4 6. exd4 Bd7 7. Rb1 e5 8. Be3 Qc7 9. Bg5 Be7 10. Nf3 h6 11. Bxf6 Bxf6 12. dxe5 dxe5 13. Nd5 Qd8 14. Bc4 0-0 15. 0-0 Bc6 16. Re1 Re8 17. Nb4 Qc7 18. Nd2 Rd8 19. Qe2 Bg5 20. Nf1 a5 21. Nxc6 Nxc6 22. c3 Kh8 23. Bb5 Re8 24. Qe4 Qb6 25. a4 Rac8 26. Ne3 Bxe3 27. Rxe3 g6 28. Rd1 Rcd8 29. Rxd8 Rxd8 30. g4 Re8 31. h4 Qd8 32. h5 Qg5 33. hxg6 Qxg6 34. Qxg6 fxg6 35. Re4 Kg7 36. Rc4 Rb8 37. Rc5 Kf6 38. Bd3 Kg5 39. Be4 Kf4 40. Rc4 Kg5 41. Kg2 h5 42. gxh5 gxh5 43. b4 h4 44. b5 Ne7 45. Rc7 Nc8 46. c4 Nd6 47. Bd5 b6 48. Rc6 Nf5 49. c5 bxc5 50. Rxc5 Ne7 51. Bf3 Rg8 52. Rc4 Kf6+ 53. Kh1 Rc8 54. Rxh4 Rc1+ 55. Kg2 Ng6 56. Rh1 Rc4 57. Rb1 Nh4+ 58. Kg3 Nf5+ 59. Kh2 e4 60. Bd1 Nd6 61. b6 Nb7 62. Kg3 Ke5 63. Rb5+ Kd6 64. Kf4 Kc6 65. Ke5 Rc5+ 66. Rxc5+ Nxc5 67. Bc2 Nd7+ 68. Kxe4 Nxb6 69. Kd4 Kd6 70. Bd1 Kc6 71. Bh5 Kd7 72. Be2 Kc7 73. Bb5 Kd6 74. Be8 Nd5 75. Kc4 Nf6 76. Bg6 Kc6 77. f4 Kb6 78. f5 Kc6 79. Bf7 Ng4 80. Be8+ Kb6 81. Kd4 Kc7 82. Kc5 Nf6 83. Bg6 Kd7 84. Kb6 Kd6 85. Kxa5 Kc6 86. Kb4 Kb6 87. Bf7 Kc6 88. a5 Kb7 89. Kb5 Ka7 90. Bc4 Ng4 91. Kc5 Ne5 92. Kd5 Nf7 93. f6 Ng5 94. Kc6 Nf3 95. f7 Ne5+ 96. Kb5 Nd7 97. Be6 Nf8 98. Bf5 Kb7 99. a6+ Kc7 100. Kc5 Kd8 101. Kd6 1-0

[Event "SA-2013-0-00369"]
[Site "LSS email"]
[Date "2013.10.09"]
[Round "?"]
[White "Savic, Milan"]
[Black "Sciarretta, Robert W"]
[Result "1/2-1/2"]
[WhiteElo "2116"]
[BlackElo "2066"]
[PlyCount "90"]
[EventDate "2013.08.31"]
[EventType "tourn (corr)"]
[EventRounds "6"]
[EventCountry "GER"]
[SourceTitle "Corr 2015"]
[Source "ChessBase"]
[SourceDate "2015.07.17"]
[SourceVersion "1"]
[SourceVersionDate "2015.07.17"]
[SourceQuality "1"]

1. e4 e6 2. d4 d5 3. Nd2 c5 4. Ngf3 Nc6 5. exd5 exd5 6. Bb5 Bd6 7. dxc5 Qe7+ 8. Qe2 Qxe2+ 9. Kxe2 Bxc5 10. Nb3 Bd6 11. Bg5 a6 12. Bd3 h6 13. Be3 Nf6 14. Rhe1 0-0 15. Kf1 Bg4 16. Nbd4 Nxd4 17. Nxd4 Rfe8 18. f3 Bd7 19. g3 h5 20. Kg2 g6 21. Nb3 Rac8 22. c3 Kg7 23. h4 Re6 24. Re2 Rce8 25. Rae1 Ng8 26. Bd4+ Kf8 27. Rxe6 Bxe6 28. Re2 Bd7 29. Rd2 Ne7 30. Bc2 Bc7 31. Nc5 Bc6 32. a4 Nf5 33. Bxf5 gxf5 34. Kf2 Bd6 35. f4 f6 36. Re2 Rxe2+ 37. Kxe2 Ke7 38. a5 Bc7 39. b4 Bd6 40. Nb3 Ba4 41. Na1 Bb5+ 42. Kd2 Kf7 43. Bb6 Bc4 44. Nc2 Ba2 45. Bc5 Bc7 1/2-1/2

[Event "SM-2013-0-00254"]
[Site "LSS email"]
[Date "2013.06.01"]
[Round "?"]
[White "Savic, Milan"]
[Black "Kopasov, Evgeny Aleksandrovi"]
[Result "1-0"]
[WhiteElo "2108"]
[BlackElo "2133"]
[PlyCount "35"]
[EventDate "2013.04.14"]
[EventType "tourn (corr)"]
[EventRounds "6"]
[EventCountry "GER"]
[SourceTitle "Telechess CBM 167"]
[Source "ChessBase"]
[SourceDate "2015.07.13"]
[SourceVersion "1"]
[SourceVersionDate "2015.07.13"]
[SourceQuality "1"]

1. e4 c5 2. Nf3 d6 3. d4 cxd4 4. Nxd4 Nf6 5. Nc3 a6 6. Be3 e5 7. Nb3 Be6 8. Qd2 Be7 9. f3 0-0 10. 0-0-0 Nbd7 11. g4 b5 12. g5 b4 13. gxf6 bxc3 14. Qxc3 Nxf6 15. Na5 Rc8 16. Nc6 Qc7 17. Nxe7+ Qxe7 18. Qa5 1-0

[Event "ZH-2013-0-01013"]
[Site "LSS email"]
[Date "2013.03.04"]
[Round "?"]
[White "Nowak, Ireneusz"]
[Black "Savic, Milan"]
[Result "1/2-1/2"]
[WhiteElo "2045"]
[BlackElo "2087"]
[PlyCount "79"]
[EventDate "2013.02.27"]
[EventType "match (corr)"]
[EventRounds "2"]
[EventCountry "GER"]
[SourceTitle "Telechess CBM 161"]
[Source "ChessBase"]
[SourceDate "2014.07.16"]
[SourceVersion "1"]
[SourceVersionDate "2014.07.16"]
[SourceQuality "1"]

1. e4 e5 2. Nf3 Nc6 3. Bc4 Nf6 4. d3 Be7 5. 0-0 0-0 6. Bb3 d6 7. c3 Na5 8. Bc2 c5 9. Re1 Nc6 10. Nbd2 Re8 11. Nf1 h6 12. h3 Bf8 13. Ng3 d5 14. exd5 Qxd5 15. Bb3 Qd6 16. Ne4 Nxe4 17. dxe4 Qf6 18. Qe2 Rd8 19. Be3 Qg6 20. Kh2 Be6 21. Bxe6 Qxe6 22. Qb5 b6 23. Rad1 Be7 24. Kg1 Rac8 25. a3 Bf6 26. b4 Rxd1 27. Rxd1 Qb3 28. Rd3 Rd8 29. Rxd8+ Nxd8 30. Qa6 Qxc3 31. bxc5 bxc5 32. Qxa7 c4 33. a4 Qa1+ 34. Kh2 c3 35. a5 Kh7 36. Qc7 c2 37. Qxc2 Qxa5 38. g3 Ne6 39. h4 g5 40. h5 1/2-1/2

[Event "SA-2013-0-00330"]
[Site "LSS email"]
[Date "2013.02.06"]
[Round "?"]
[White "Grego, Luis Jose Gonzaga"]
[Black "Savic, Milan"]
[Result "1/2-1/2"]
[WhiteElo "2053"]
[BlackElo "2088"]
[PlyCount "47"]
[EventDate "2013.01.11"]
[EventType "tourn (corr)"]
[EventRounds "6"]
[EventCountry "GER"]
[SourceTitle "Telechess CBM 163"]
[Source "ChessBase"]
[SourceDate "2014.11.11"]
[SourceVersion "2"]
[SourceVersionDate "2014.11.11"]
[SourceQuality "1"]

1. d4 Nf6 2. c4 e6 3. Nc3 d5 4. cxd5 exd5 5. Bg5 c6 6. e3 Be7 7. Bd3 Nbd7 8. Qc2 Nh5 9. Bxe7 Qxe7 10. Nge2 g6 11. g4 Ng7 12. h3 Nb6 13. 0-0-0 Be6 14. f4 f5 15. Kb1 0-0-0 16. Rhg1 Nc4 17. Bxc4 dxc4 18. e4 fxe4 19. Nxe4 h5 20. N2c3 Rhf8 21. Qf2 b6 22. Qg3 Qc7 23. Rgf1 Kb7 24. Ng5 1/2-1/2

[Event "SA-2013-0-00330"]
[Site "LSS email"]
[Date "2013.02.06"]
[Round "?"]
[White "Savic, Milan"]
[Black "Walczak, Tomasz"]
[Result "1/2-1/2"]
[WhiteElo "2088"]
[BlackElo "2049"]
[PlyCount "74"]
[EventDate "2013.01.11"]
[EventType "tourn (corr)"]
[EventRounds "6"]
[EventCountry "GER"]
[SourceTitle "Telechess CBM 163"]
[Source "ChessBase"]
[SourceDate "2014.11.11"]
[SourceVersion "2"]
[SourceVersionDate "2014.11.11"]
[SourceQuality "1"]

1. e4 c5 2. Nf3 d6 3. d4 cxd4 4. Nxd4 Nf6 5. Nc3 a6 6. Be3 e5 7. Nb3 Be6 8. f3 Be7 9. Be2 Nbd7 10. 0-0 0-0 11. a4 Qc7 12. Qd2 b6 13. Bd3 Nc5 14. Nxc5 dxc5 15. Nd5 Bxd5 16. exd5 c4 17. Be4 Rfc8 18. Qe2 Rab8 19. Kh1 g6 20. Rfd1 Qd6 21. g3 Rb7 22. c3 Bf8 23. Rd2 Rd7 24. Rad1 Qc7 25. Bg5 Ne8 26. Kg2 b5 27. axb5 axb5 28. h4 f6 29. Be3 f5 30. Bc2 Nd6 31. h5 Re8 32. hxg6 hxg6 33. Ra1 Qd8 34. Qf2 Rh7 35. Rdd1 e4 36. f4 Qc7 37. Qd2 Qf7 1/2-1/2

[Event "RA-2012-0-00257"]
[Site "LSS email"]
[Date "2013.02.01"]
[Round "?"]
[White "Savic, Milan"]
[Black "Morcin, Tom"]
[Result "1/2-1/2"]
[WhiteElo "2087"]
[BlackElo "2115"]
[PlyCount "84"]
[EventDate "2012.12.30"]
[EventType "tourn (corr)"]
[EventRounds "6"]
[EventCountry "GER"]
[SourceTitle "Telechess CBM 159"]
[Source "ChessBase"]
[SourceDate "2014.03.17"]
[SourceVersion "1"]
[SourceVersionDate "2014.03.17"]
[SourceQuality "1"]

1. e4 e5 2. Nf3 Nc6 3. Bb5 a6 4. Ba4 Nf6 5. 0-0 Be7 6. Re1 b5 7. Bb3 d6 8. c3 0-0 9. h3 Bb7 10. d4 Re8 11. Nbd2 Bf8 12. d5 Nb8 13. Nf1 Nbd7 14. N3h2 Nc5 15. Bc2 c6 16. b4 Ncd7 17. dxc6 Bxc6 18. Bg5 Be7 19. Ne3 g6 20. Bxf6 Bxf6 21. Qxd6 Nb6 22. Rad1 Rc8 23. Nhg4 Bg7 24. Qxd8 Rexd8 25. Rxd8+ Rxd8 26. Rd1 Rc8 27. f3 Kf8 28. Bb3 h5 29. Nf2 Bh6 30. Rd3 Ke7 31. Kf1 Bd7 32. Nfd1 h4 33. Ke2 f5 34. Nd5+ Nxd5 35. Rxd5 Bf4 36. Rc5 Rxc5 37. bxc5 a5 38. Nb2 g5 39. Nd3 fxe4 40. fxe4 Be8 41. Bd5 Kd7 42. Nxf4 gxf4 1/2-1/2

[Event "RA-2012-0-00257"]
[Site "LSS email"]
[Date "2013.01.31"]
[Round "?"]
[White "Savic, Milan"]
[Black "Spirin, Anatoly"]
[Result "1/2-1/2"]
[WhiteElo "2087"]
[BlackElo "2057"]
[PlyCount "32"]
[EventDate "2012.12.30"]
[EventType "tourn (corr)"]
[EventRounds "6"]
[EventCountry "GER"]
[SourceTitle "Corr 2015"]
[Source "ChessBase"]
[SourceDate "2015.07.17"]
[SourceVersion "1"]
[SourceVersionDate "2015.07.17"]
[SourceQuality "1"]

1. e4 c5 2. Nf3 d6 3. d4 cxd4 4. Nxd4 Nf6 5. Nc3 a6 6. Be2 e5 7. Nb3 Be7 8. 0-0 0-0 9. Kh1 Nc6 10. f4 b5 11. Be3 Bb7 12. a4 exf4 13. Rxf4 Ne5 14. Qd4 Nc6 15. Qd2 Ne5 16. Qd4 Nc6 1/2-1/2

[Event "RB-2012-0-00196"]
[Site "LSS email"]
[Date "2012.12.04"]
[Round "?"]
[White "Hammerschmidt, Volker"]
[Black "Savic, Milan"]
[Result "1/2-1/2"]
[WhiteElo "1877"]
[BlackElo "2056"]
[PlyCount "67"]
[EventDate "2012.10.10"]
[EventType "tourn (corr)"]
[EventRounds "6"]
[EventCountry "GER"]
[SourceTitle "Telechess CBM 159"]
[Source "ChessBase"]
[SourceDate "2014.03.17"]
[SourceVersion "1"]
[SourceVersionDate "2014.03.17"]
[SourceQuality "1"]

1. e4 e5 2. Nf3 Nc6 3. Bb5 a6 4. Bxc6 dxc6 5. 0-0 f6 6. d4 Bg4 7. c3 Bd6 8. Be3 Ne7 9. Nbd2 0-0 10. h3 Be6 11. dxe5 Bxe5 12. Nxe5 fxe5 13. Qh5 Ng6 14. Nf3 Qf6 15. Bg5 Qf7 16. b3 h6 17. Rad1 Rfe8 18. Bh4 a5 19. c4 a4 20. Rd2 b5 21. Rc1 axb3 22. axb3 bxc4 23. bxc4 Bxh3 24. gxh3 Ra3 25. Rcd1 Rxf3 26. Rd7 Ne7 27. Qxf7+ Kxf7 28. Rxc7 Rf4 29. Bxe7 Rxe7 30. Rxc6 Rxe4 31. Rd2 Rd4 32. Re2 Rdd7 33. Rc5 Kf6 34. Kg2 1/2-1/2

[Event "RB-2012-0-00196"]
[Site "LSS email"]
[Date "2012.12.04"]
[Round "?"]
[White "Savic, Milan"]
[Black "Buchaillot, Luis Mario"]
[Result "1-0"]
[WhiteElo "2056"]
[BlackElo "1809"]
[PlyCount "89"]
[EventDate "2012.10.10"]
[EventType "tourn (corr)"]
[EventRounds "6"]
[EventCountry "GER"]
[SourceTitle "Telechess CBM 159"]
[Source "ChessBase"]
[SourceDate "2014.03.17"]
[SourceVersion "1"]
[SourceVersionDate "2014.03.17"]
[SourceQuality "1"]
[BlackTeam "IWEC (Canada)"]

1. e4 c5 2. Nf3 g6 3. d4 Bg7 4. c4 cxd4 5. Nxd4 Nc6 6. Be3 Nf6 7. Nc3 Ng4 8. Qxg4 Nxd4 9. Qd1 Ne6 10. Rc1 d6 11. Be2 0-0 12. 0-0 b6 13. b4 Bb7 14. a3 Re8 15. Qd3 Nf8 16. Nd5 Rc8 17. Rfd1 Nd7 18. Qb3 Bc6 19. h3 a5 20. Bg5 h6 21. Bh4 Kh7 22. f4 Ra8 23. Qe3 axb4 24. axb4 Ra4 25. Qd2 Ra7 26. Bf3 Nf6 27. Bxf6 exf6 28. Qf2 Bxd5 29. cxd5 h5 30. Rc6 Bh6 31. f5 Ree7 32. Kh1 b5 33. Be2 Ra2 34. Qf3 Rb2 35. Bxb5 Rxb4 36. Bd3 Rd7 37. Rf1 Kg7 38. Qg3 g5 39. Ra1 Rb8 40. Bc2 Ra8 41. Rb1 Qe7 42. Qf3 Rb7 43. Rxb7 Qxb7 44. Qc3 Qb5 45. Bd3 1-0

[Event "RB-2012-0-00196"]
[Site "LSS email"]
[Date "2012.12.04"]
[Round "?"]
[White "Savic, Milan"]
[Black "Husemann, Andreas"]
[Result "1/2-1/2"]
[WhiteElo "2056"]
[BlackElo "2067"]
[PlyCount "46"]
[EventDate "2012.10.10"]
[EventType "tourn (corr)"]
[EventRounds "6"]
[EventCountry "GER"]
[SourceTitle "Telechess CBM 159"]
[Source "ChessBase"]
[SourceDate "2014.03.17"]
[SourceVersion "1"]
[SourceVersionDate "2014.03.17"]
[SourceQuality "1"]

1. e4 e5 2. Nf3 Nf6 3. Nxe5 d6 4. Nf3 Nxe4 5. d4 d5 6. Bd3 Nc6 7. 0-0 Be7 8. c4 Nb4 9. Be2 0-0 10. Nc3 Bf5 11. a3 Nxc3 12. bxc3 Nc6 13. Re1 Re8 14. cxd5 Qxd5 15. Bf4 Rac8 16. h3 h6 17. c4 Qe4 18. Bg3 Bf6 19. Bf1 Qc2 20. Re3 Rxe3 21. Qxc2 Bxc2 22. fxe3 Ne7 23. Rc1 Be4 1/2-1/2

[Event "RB-2012-0-00196"]
[Site "LSS email"]
[Date "2012.12.04"]
[Round "?"]
[White "Savic, Milan"]
[Black "Owens, Johnny"]
[Result "1-0"]
[WhiteElo "2056"]
[BlackElo "1901"]
[PlyCount "59"]
[EventDate "2012.10.10"]
[EventType "tourn (corr)"]
[EventRounds "6"]
[EventCountry "GER"]
[SourceTitle "Telechess CBM 159"]
[Source "ChessBase"]
[SourceDate "2014.03.17"]
[SourceVersion "1"]
[SourceVersionDate "2014.03.17"]
[SourceQuality "1"]

1. e4 d5 2. exd5 Qxd5 3. Nc3 Qd6 4. d4 Nf6 5. Nf3 a6 6. g3 Bg4 7. h3 Bh5 8. Bg2 Nc6 9. 0-0 0-0-0 10. Be3 e6 11. a3 Be7 12. b4 Nd5 13. Ne4 Qd7 14. c4 Nxe3 15. fxe3 f6 16. b5 axb5 17. cxb5 Na5 18. Qa4 b6 19. Ned2 Be8 20. Rab1 Qd6 21. Nc4 Qxg3 22. Nxa5 bxa5 23. Rb3 Bd6 24. e4 Bg6 25. Qc4 a4 26. Rc3 Rde8 27. Ne5 Qg5 28. Nxg6 hxg6 29. e5 fxe5 30. b6 1-0

[Event "ZI-2012-0-01432"]
[Site "LSS email"]
[Date "2012.11.25"]
[Round "?"]
[White "Savic, Milan"]
[Black "Quinones Borda, Jorge Victor"]
[Result "1/2-1/2"]
[WhiteElo "2056"]
[BlackElo "1938"]
[PlyCount "128"]
[EventDate "2012.11.22"]
[EventType "match (corr)"]
[EventRounds "2"]
[EventCountry "GER"]
[SourceTitle "Telechess CBM 159"]
[Source "ChessBase"]
[SourceDate "2014.03.17"]
[SourceVersion "1"]
[SourceVersionDate "2014.03.17"]
[SourceQuality "1"]

1. e4 d5 2. exd5 Qxd5 3. Nc3 Qa5 4. d4 Nf6 5. Nf3 c6 6. Bc4 Bf5 7. Bd2 e6 8. Nd5 Qd8 9. Nxf6+ Qxf6 10. Qe2 Bg4 11. d5 Bxf3 12. gxf3 cxd5 13. Bxd5 Nd7 14. 0-0-0 0-0-0 15. Be4 Qe5 16. Bc3 Qc7 17. Kb1 f6 18. Rhg1 Kb8 19. f4 Nc5 20. Rxd8+ Qxd8 21. Bh1 Na4 22. Bd2 Qb6 23. b3 g6 24. Qc4 Nc5 25. f5 gxf5 26. Be3 Qd6 27. Bxc5 Qxc5 28. Qxe6 Qe5 29. Qd7 Qc7 30. Qe8+ Qc8 31. Qf7 Ba3 32. c3 Rd8 33. b4 a5 34. bxa5 Qd7 35. Qb3 Bc5 36. Kb2 Qe7 37. Rb1 Ka7 38. Ka1 Bxf2 39. Bxb7 Qc7 40. Bf3 Rd3 41. Qb7+ Qxb7 42. Rxb7+ Ka6 43. Be2 Kxb7 44. Bxd3 h5 45. Kb2 f4 46. Ka3 Be1 47. Kb4 Ka7 48. Be2 h4 49. Bg4 Kb7 50. Bf3+ Ka6 51. a3 Ka7 52. Bg2 Ka6 53. Be4 Ka7 54. Bf3 Ka6 55. Bh5 Bd2 56. Be2+ Kb7 57. Bf3+ Ka6 58. h3 Ka7 59. Be2 Kb7 60. Bh5 Ka7 61. Bf3 Ka6 62. Bg4 Kb7 63. Bf5 Be1 64. Be4+ Ka7 1/2-1/2

[Event "SB-2012-0-00245"]
[Site "LSS email"]
[Date "2012.08.23"]
[Round "?"]
[White "Lanin, Boris Aleksandrovic"]
[Black "Savic, Milan"]
[Result "1/2-1/2"]
[WhiteElo "1927"]
[BlackElo "2087"]
[PlyCount "29"]
[EventDate "2012.07.26"]
[EventType "tourn (corr)"]
[EventRounds "6"]
[EventCountry "GER"]
[SourceTitle "Corr 2015"]
[Source "ChessBase"]
[SourceDate "2015.07.17"]
[SourceVersion "1"]
[SourceVersionDate "2015.07.17"]
[SourceQuality "1"]

1. d4 Nf6 2. Bg5 e6 3. Nf3 h6 4. Bxf6 Qxf6 5. e4 d6 6. Nc3 Bd7 7. Qd2 Nc6 8. 0-0-0 0-0-0 9. d5 Ne5 10. Nd4 g5 11. Ncb5 a6 12. Na7+ Kb8 13. Nac6+ bxc6 14. Qb4+ Ka8 15. Qa5 1/2-1/2

[Event "SB-2012-0-00245"]
[Site "LSS email"]
[Date "2012.08.23"]
[Round "?"]
[White "Savic, Milan"]
[Black "Husemann, Andreas"]
[Result "1/2-1/2"]
[WhiteElo "2087"]
[BlackElo "2091"]
[PlyCount "68"]
[EventDate "2012.07.26"]
[EventType "tourn (corr)"]
[EventRounds "6"]
[EventCountry "GER"]
[SourceTitle "Telechess CBM 161"]
[Source "ChessBase"]
[SourceDate "2014.07.16"]
[SourceVersion "1"]
[SourceVersionDate "2014.07.16"]
[SourceQuality "1"]

1. e4 e5 2. Nf3 Nc6 3. Bb5 a6 4. Ba4 Nf6 5. 0-0 Be7 6. Re1 b5 7. Bb3 0-0 8. h3 Bb7 9. d3 d6 10. a3 Na5 11. Ba2 c5 12. Nc3 Nc6 13. Nd5 Nxd5 14. Bxd5 Qc7 15. c3 Nb8 16. Bxb7 Qxb7 17. d4 Nd7 18. dxe5 dxe5 19. c4 bxc4 20. Qe2 Rfd8 21. Qxc4 Rab8 22. Rb1 Qb5 23. Qa2 c4 24. Be3 Bc5 25. a4 Qb4 26. Rbc1 Bxe3 27. Rxe3 Rdc8 28. Rec3 Qxb2 29. Qxb2 Rxb2 30. Rxc4 Rxc4 31. Rxc4 f6 32. Rc7 Rb1+ 33. Kh2 Rd1 34. a5 Kf7 1/2-1/2

[Event "OP-2012-0-02057"]
[Site "LSS email"]
[Date "2012.02.09"]
[Round "?"]
[White "Hammerschmidt, Volker"]
[Black "Savic, Milan"]
[Result "0-1"]
[WhiteElo "1806"]
[BlackElo "1946"]
[PlyCount "96"]
[EventDate "2012.02.06"]
[EventType "tourn (corr)"]
[EventRounds "4"]
[EventCountry "GER"]
[SourceTitle "Telechess CBM 155"]
[Source "ChessBase"]
[SourceDate "2013.07.16"]
[SourceVersion "1"]
[SourceVersionDate "2013.07.16"]
[SourceQuality "1"]

1. Nf3 Nf6 2. c4 e6 3. g3 d5 4. Bg2 dxc4 5. Qa4+ Nbd7 6. 0-0 a6 7. Nc3 Be7 8. Qxc4 b5 9. Qb3 Bb7 10. d3 0-0 11. Qc2 c5 12. a4 Qb6 13. Bf4 Rfd8 14. Qb3 Bc6 15. axb5 axb5 16. Nd2 Bxg2 17. Kxg2 b4 18. Nce4 Nd5 19. Kg1 Nxf4 20. gxf4 Qb7 21. Qc2 Nb6 22. Rxa8 Rxa8 23. e3 Qd5 24. Rc1 f5 25. Nxc5 Bxc5 26. Qxc5 Rc8 27. Qxc8+ Nxc8 28. Rxc8+ Kf7 29. Nc4 Kg6 30. Rc6 Kh5 31. Rd6 Qf3 32. Rd7 Kh6 33. Ne5 Qe2 34. Nc4 b3 35. Kg2 g5 36. h3 gxf4 37. exf4 Qd1 38. Kg3 Qg1+ 39. Kf3 Qh2 40. Re7 Qxh3+ 41. Ke2 Qh4 42. Rxe6+ Kg7 43. Ke3 Qh3+ 44. Ke2 Qg4+ 45. Ke3 h5 46. Ne5 Qd1 47. Rg6+ Kh7 48. Kd4 Qc1 0-1

[Event "OP-2012-0-02057"]
[Site "LSS email"]
[Date "2012.02.09"]
[Round "?"]
[White "Malashenkov, Alexei"]
[Black "Savic, Milan"]
[Result "1/2-1/2"]
[WhiteElo "2212"]
[BlackElo "1946"]
[PlyCount "101"]
[EventDate "2012.02.06"]
[EventType "tourn (corr)"]
[EventRounds "4"]
[EventCountry "GER"]
[SourceTitle "Telechess CBM 155"]
[Source "ChessBase"]
[SourceDate "2013.07.16"]
[SourceVersion "1"]
[SourceVersionDate "2013.07.16"]
[SourceQuality "1"]

1. e4 e5 2. Nf3 Nc6 3. Bb5 a6 4. Ba4 Nf6 5. 0-0 Be7 6. Re1 b5 7. Bb3 0-0 8. c3 d6 9. h3 Na5 10. Bc2 c5 11. d4 Qc7 12. Nbd2 cxd4 13. cxd4 Nc6 14. Nb3 a5 15. Be3 a4 16. Nbd2 Bd7 17. Rc1 Qb7 18. Qe2 Rfc8 19. a3 Rab8 20. Bb1 h6 21. Red1 Bd8 22. dxe5 Nxe5 23. Rxc8 Rxc8 24. Bd4 Qb8 25. Bc3 Bb6 26. Nxe5 dxe5 27. Nf3 Re8 28. Rc1 Bc7 29. Qd2 Qb7 30. Bb4 Bb6 31. Qd6 Kh7 32. Bc3 Bc7 33. Qd3 Bc6 34. Re1 Nh5 35. g3 Nf6 36. Kg2 Bd7 37. Ba2 Rd8 38. Qe2 Bc6 39. Bb1 Re8 40. Nh4 Bd6 41. f3 b4 42. Nf5 Bf8 43. axb4 Bxb4 44. Qd2 Rb8 45. Re2 Bd7 46. Bxb4 Qxb4 47. Qxb4 Rxb4 48. Ba2 Bxf5 49. exf5 Kg8 50. Rc2 Kf8 51. g4 1/2-1/2

[Event "SB-2012-0-00207"]
[Site "LSS email"]
[Date "2012.01.23"]
[Round "?"]
[White "Savic, Milan"]
[Black "Eide, John Henning"]
[Result "1-0"]
[WhiteElo "1976"]
[BlackElo "1593"]
[PlyCount "85"]
[EventDate "2012.01.09"]
[EventType "tourn (corr)"]
[EventRounds "6"]
[EventCountry "GER"]
[SourceTitle "Telechess CBM 165"]
[Source "ChessBase"]
[SourceDate "2015.03.11"]
[SourceVersion "1"]
[SourceVersionDate "2015.03.11"]
[SourceQuality "1"]

1. e4 e6 2. d4 d5 3. Nd2 Nf6 4. e5 Nfd7 5. Bd3 c5 6. c3 Qb6 7. Ne2 Nc6 8. Nf3 cxd4 9. cxd4 f6 10. exf6 Nxf6 11. 0-0 Bd6 12. Nc3 0-0 13. Be3 Qxb2 14. Nb5 Ne4 15. Ng5 Bf4 16. Rb1 Qxa2 17. Nxh7 Kxh7 18. Ra1 Qb2 19. Qh5+ Kg8 20. Rfb1 Rf5 21. Qe8+ Rf8 22. Qxf8+ Kxf8 23. Rxb2 Bb8 24. Bxe4 dxe4 25. Nc3 Kf7 26. Nxe4 Bc7 27. Rc1 a5 28. h4 Ke7 29. h5 Ke8 30. g4 a4 31. g5 a3 32. h6 gxh6 33. gxh6 Kf8 34. Ra2 Kg8 35. Kh1 Kh8 36. Rg1 e5 37. Rg7 Be6 38. Nf6 Bg8 39. Rxc7 Rf8 40. Nxg8 Rxg8 41. Rxa3 Nd8 42. d5 Rf8 43. Ra8 1-0

[Event "SB-2011-0-00179"]
[Site "LSS email"]
[Date "2011.10.05"]
[Round "?"]
[White "Savic, Milan"]
[Black "Zavrazhnov, Andrey Anatolievich"]
[Result "0-1"]
[WhiteElo "1946"]
[BlackElo "2133"]
[PlyCount "122"]
[EventDate "2011.09.17"]
[EventType "tourn (corr)"]
[EventRounds "6"]
[EventCountry "GER"]
[SourceTitle "Telechess CBM 153"]
[Source "ChessBase"]
[SourceDate "2013.03.14"]
[SourceVersion "1"]
[SourceVersionDate "2013.03.14"]
[SourceQuality "1"]

1. e4 e5 2. Nf3 Nc6 3. Bb5 a6 4. Ba4 Nf6 5. 0-0 Be7 6. Re1 b5 7. Bb3 0-0 8. c3 d5 9. exd5 Nxd5 10. Nxe5 Nxe5 11. Rxe5 c6 12. d4 Bd6 13. Re1 Qh4 14. g3 Qh3 15. Bxd5 cxd5 16. Qf3 Bf5 17. Qxd5 Rae8 18. Bd2 Bf4 19. Rxe8 Rxe8 20. Qc6 Bd7 21. Qf3 Bg5 22. a4 bxa4 23. c4 h6 24. Bc3 Bf5 25. Qg2 Qh5 26. Nd2 a3 27. bxa3 Qe2 28. Nf3 Qxc4 29. Bb4 Be4 30. Re1 Qc6 31. Rxe4 Qxe4 32. Nxg5 hxg5 33. Qxe4 Rxe4 34. Bc5 g4 35. Kg2 Re2 36. Kf1 Rc2 37. Ke1 f6 38. Bb4 Kf7 39. d5 Rc4 40. Ke2 Rd4 41. d6 Rd5 42. Ke3 Ke6 43. Ke4 a5 44. Bc3 Kxd6 45. Ke3 Rf5 46. Ke2 Rc5 47. Bd2 Rc2 48. Kd3 Ra2 49. Bxa5 Rxa3+ 50. Bc3 Kd5 51. Kc2 Rxc3+ 52. Kxc3 Ke4 53. Kd2 Kf3 54. Ke1 Kg2 55. Ke2 Kxh2 56. Kd2 f5 57. Ke2 Kg2 58. Ke3 g5 59. Ke2 f4 60. gxf4 gxf4 61. Ke1 f3 0-1

[Event "SB-2011-0-00165"]
[Site "LSS email"]
[Date "2011.07.04"]
[Round "?"]
[White "Morcin, Tom"]
[Black "Savic, Milan"]
[Result "1/2-1/2"]
[WhiteElo "2103"]
[BlackElo "2009"]
[PlyCount "138"]
[EventDate "2011.06.14"]
[EventType "tourn (corr)"]
[EventRounds "6"]
[EventCountry "GER"]
[SourceTitle "Telechess CBM 165"]
[Source "ChessBase"]
[SourceDate "2015.03.11"]
[SourceVersion "1"]
[SourceVersionDate "2015.03.11"]
[SourceQuality "1"]

1. e4 e5 2. Nf3 Nc6 3. Bb5 a6 4. Ba4 Nf6 5. 0-0 Be7 6. Re1 b5 7. Bb3 0-0 8. c3 d6 9. h3 Na5 10. Bc2 c5 11. d4 Qc7 12. Nbd2 cxd4 13. cxd4 Nc6 14. Nb3 a5 15. Be3 a4 16. Nbd2 Bd7 17. Rc1 Rac8 18. a3 Qb8 19. Qe2 Rc7 20. Bd3 Rfc8 21. Rcd1 g6 22. Qf1 Nxd4 23. Nxd4 exd4 24. Bxd4 Nh5 25. e5 d5 26. Nf3 Bc5 27. Bxc5 Rxc5 28. Qe2 Nf4 29. Qd2 Ne6 30. h4 h5 31. Qh6 R8c6 32. Ng5 Nxg5 33. Qxg5 Qc8 34. Re3 Bg4 35. Rde1 Qe6 36. Rg3 Kf8 37. Qe3 Kg7 38. Qf4 Kf8 39. Qd4 Kg8 40. Qb4 Qc8 41. Kh2 Qd8 42. Bxb5 Rc8 43. Kg1 Rc1 44. Rf1 Rxf1+ 45. Bxf1 Rc1 46. Rc3 Rb1 47. Re3 d4 48. Re4 d3 49. Rd4 Qc7 50. f3 Be6 51. Qb5 Qa7 52. Qxd3 Bf5 53. Qe3 Qa6 54. Qf2 Bd3 55. Kh2 Rxf1 56. Qd2 Qe6 57. Rxd3 Qxe5+ 58. f4 Rxf4 59. Qc3 Rxh4+ 60. Kg1 Qh2+ 61. Kf2 Rf4+ 62. Rf3 Qh4+ 63. g3 Qh2+ 64. Ke3 Rxf3+ 65. Kxf3 h4 66. gxh4 Qxh4 67. Kg2 Qg4+ 68. Kf2 Qf4+ 69. Kg2 g5 1/2-1/2